00926 2200337 4500001002100000005001500021035002000036007000300056040001700059110002100076245006500097250001000162300004300172504002600215020002200241041000800263082001000271084001600281090002100297264004200318336002100360337003000381338002300411650001000434700003500444850001000479008004100489100001400530990002200544990002200566INLIS00000000000908220260427113702 a0010-1122000041ta aSBPUPADbind1 aTim Dapur Naskah1 aBahan Kimia Beracun /cTim Dapur Naskah ;Editor,Rissa Yanuar acet.1 ax,124 hlm. :bilus. ;c14,5 cm x 21 cm abibiliografi, hlm 133 a978-602-8714-28-00 aind a660.2 a660.2 TIM b a660.2 TIM b 21-9 aBandung :bSarana Ilmu Pustaka,c2009 2rdacontentateks 2rdamediaatanpa perantara 2rdacarrieravolume 4aKimia0 aEditor,Rissa YanuarePengarang aPUPAD260427 0  ePengarang a160/S/KAPD/PDG/12 a159/S/KAPD/PDG/12